ŽIDÉ V LÉKÁRNICTVÍ

Bibliographic Details
Main Author: Hladík, J. (Author)
Format: Article
Language:Czech

MARC

LEADER 00000nab a2200000uu 4500
001 vtls011453386
003 SK-MaSNL
005 20260303113245.0
008 230121|1969 xo |||||||||||||||||cze|
015 |a SNBRB 
035 |a (urnnbn)urn:nbn:sk:snk:ar-0080hf 
035 |a (uuid)fb6e2914-e238-4654-8e37-95dacc187070 
035 |a urn:nbn:sk:snk-abcowh 
040 |a SNKBUCL  |b slo  |c SNKBUCL  |e AACR2 
041 0 |a cze 
044 |a xo  |c SK 
100 1 |a Hladík, J.  |4 aut  |9 1119229 
245 1 0 |a ŽIDÉ V LÉKÁRNICTVÍ  |c J. Hladík 
773 0 |t Farmaceutický obzor : odborný časopis Ministerstva zdravotníctva Slovenskej republiky a Slovenskej zdravotníckej univerzity v Bratislave  |g Roč. 38, č. 8 (1969), s. 311-318 
954 |a odborná, vedecká literatúra cudzojazyčná (svetová)  |2 lita 
958 |a OND 
958 |a EUIPO 
958 |a article16 
999 |c 1891334  |d 1893264